Mosaic 1 : Reading
Interactions Mosaic, Silver Edition is the newly revised five-level, four-skill comprehensive ESL/EFL series designed to prepare students for academic content. The themes are integrated across proficiency levels and the levels are articulated across skill strands. The series combines communicative a...
Na minha lista:
| Autor principal: | |
|---|---|
| Formato: | Livro |
| Idioma: | Undetermined |
| Publicado em: |
New York
McGraw-Hill
2007
|
| Assuntos: | |
| Tags: |
Adicionar Tag
Sem tags, seja o primeiro a adicionar uma tag!
|
| Thư viện lưu trữ: | Trung tâm Học liệu Trường Đại học Cần Thơ |
|---|
| LEADER | 01201nam a2200229Ia 4500 | ||
|---|---|---|---|
| 001 | CTU_133420 | ||
| 008 | 210402s9999 xx 000 0 und d | ||
| 020 | |c 520000 | ||
| 082 | |a 428.0071 | ||
| 082 | |b W411 | ||
| 100 | |a Wegmann, Brenda | ||
| 245 | 0 | |a Mosaic 1 : | |
| 245 | 0 | |b Reading | |
| 245 | 0 | |c Brenda Wegmann, Miki Knezevic | |
| 260 | |a New York | ||
| 260 | |b McGraw-Hill | ||
| 260 | |c 2007 | ||
| 520 | |a Interactions Mosaic, Silver Edition is the newly revised five-level, four-skill comprehensive ESL/EFL series designed to prepare students for academic content. The themes are integrated across proficiency levels and the levels are articulated across skill strands. The series combines communicative activities with skill-building exercises to boost students' academic success. | ||
| 650 | |a English language,Ngôn ngữ tiếng Anh,Reading comprehension,Kỹ năng đọc hiểu | ||
| 650 | |x Textbooks for foreign speakers,Giáo trình dành cho người nước ngoài | ||
| 904 | |i Quang Hiếu, H.Mai chuyển số PL về 428.0071 dùng cho cả bộ, mã hóa cutter theo tên sách | ||
| 980 | |a Trung tâm Học liệu Trường Đại học Cần Thơ | ||